Information technology in local government

Đã lưu trong:
Bibliografiske detaljer
Hovedforfatter: Organisation for Economic Co-operation and Development
Format: Bog
Sprog:Undetermined
Udgivet: Paris Organisation for Economic Co-operation and Development 1974
Fag:
Tags: Tilføj Tag
Ingen Tags, Vær først til at tagge denne postø!
Thư viện lưu trữ: Trung tâm Học liệu Trường Đại học Cần Thơ
LEADER 00601nam a2200181Ia 4500
001 CTU_86618
008 210402s9999 xx 000 0 und d
082 |a 352 
082 |b O.68 
100 |a Organisation for Economic Co-operation and Development 
245 0 |a Information technology in local government 
245 0 |c Organisation for Economic Co-operation and Development 
260 |a Paris 
260 |b Organisation for Economic Co-operation and Development 
260 |c 1974 
650 |a Information technology 
904 |i Năm 
980 |a Trung tâm Học liệu Trường Đại học Cần Thơ